[Event "ISR-chT"]
[Site "Israel"]
[Date "2003.03.06"]
[Round "8"]
[White "Malachi, Avraham"]
[Black "Caspi, Israel"]
[Result "1-0"]
[WhiteElo "2212"]
[BlackElo "2135"]
[PlyCount "79"]
[EventDate "2003.01.??"]
[EventType "team"]
[EventRounds "11"]
[EventCountry "ISR"]
[SourceTitle "EXT 2004"]
[Source "ChessBase"]
[SourceDate "2003.11.25"]
[SourceVersion "1"]
[SourceVersionDate "2003.11.25"]
[SourceQuality "1"]

1. e4 c5 2. Nf3 e6 3. d3 Nc6 4. g3 d5 5. Nbd2 Nf6 6. Bg2 Be7 7. 0-0 0-0 8. Re1 Qc7 9. e5 Nd7 10. Qe2 Rb8 11. Nf1 b5 12. h4 Re8 13. Bf4 Qb6 14. Ne3 c4 15. h5 cxd3 16. cxd3 Bf8 17. h6 Rb7 18. hxg7 Bxg7 19. Ng4 f6 20. Rac1 fxe5 21. Ngxe5 Ncxe5 22. Nxe5 Nf6 23. Ng4 Rbe7 24. Bg5 Qd4 25. Ne5 Bb7 26. Nc6 Bxc6 27. Rxc6 Kf7 28. Bh3 e5 29. Rxf6+ Bxf6 30. Qh5+ Kf8 31. Bxf6 Rf7 32. Qh6+ Kg8 33. Qg5+ Kf8 34. Bf5 Qb4 35. Re3 Qd6 36. Qh6+ Kg8 37. Bxh7+ Rxh7 38. Qg6+ Kf8 39. Bg7+ Ke7 40. Qxh7 1-0